LEADER 01055nam a2200253 u 4500 001 000000055425 003 CaOOAMICUS 005 20070226115801.0 008 010129s1972 it u000 u ita u 035 $a10866549 040 $aPUL(R)$bita 100 1 $aTurchini, Angelo.$0(OLS)http://pul/name/12276 245 14$aGli ex voto di Monte Berico /$cA. Turchini. 260 $aPadova :$bTipografia Antoniana,$c1972. 300 $aP. [610]-617 ;$c24 cm 500 $a"Estratto da 'Studia Patavina - Rivista di scienze religiose' Anno XIX, 3". 504 $aBibliografia in nota. 610 20$aSantuario della Madonna di Monte Berico (Vicenza, Italy).$2//eng$0(OLS)http://pul/subject/22479 850 $aPUL 852 $aPUL$W1$xDP1 Fondo Maccarrone$y58$m1527 C 55$j72876$nBK-PRI$b $qFondi$B72876$CPULBib$Z2$F72876 $H $81 941 1 $a1 961 $aINV: F. Maccarrone 996 $6245$aGli ex voto di Monte Berico$9(OLS)http://pul/title/9359 996 $6260$aPadova :$bTipografia Antoniana$9(OLS)http://pul/publisher/68990 LEADER 00967nam a2200241 u 4500 001 000000081369 003 CaOOAMICUS 005 20070226123740.0 008 050321s1923 it u000 u ita u 035 $a11035458 040 $aPUL(R)$bita 100 1 $aRomagnoli, Ettore,$d1871-1938.$0(OLS)http://pul/name/982 245 13$aUn anno di vita intellettuale : /$cEttore Romagnoli. 260 $aMilano :$bRemo Sandron,$c1923. 300 $a292 p. ;$c21 cm 490 1 $aBiblioteca Sandron di scienze e lettere ;$v82 650 4$aCritica letteraria.$0(OLS)http://pul/subject/7021 830 0$aBiblioteca Sandron di scienze e lettere ;$v82.$0(OLS)http://pul/title/31318 850 $aPUL 852 $aPUL$W1$xDP1 Fondo Cecchetti$y53$m260 B 53$j103809$nBK-PRI$qFondi$B103809$CPULBib$Z2$F103809 $81 941 1 $a1 996 $6245$aUn anno di vita intellettuale :$9(OLS)http://pul/title/106435 996 $6260$aMilano :$bRemo Sandron$9(OLS)http://pul/publisher/70898